Périgueux - Choix multiples - Statistiques

Statistiques générales
  • Ce quiz a été pris 44 fois
  • Le résultat moyen est 5 sur 10
Statistiques - réponses
Question Réponse % Correct
Reconnaissez-vous Périgueux sur l'une des images suivantes ?
86%
Quelle rivière arrose Périgueux ? L'Isle
70%
De quel Périgord, Périgueux est-elle la capitale ? Le Périgord blanc
65%
Quel saint évêque de Périgueux est reconnu comme l'évangélisateur du Périgord au IVe siècle et donne son nom à la cathédrale de Périgueux ? Saint Front
65%
Entre 1961 et 2026, Périgueux a été incluse sur le parcours de cinq éditions du Tour de France et reliée à cinq reprises à une même ville, comme ville-départ ou ville-arrivée, selon le cas. Quelle est cette autre ville ? Bergerac
62%
Pendant quelle période troublée de l'histoire de France, la ville de Périgueux a-t-elle accueilli les troupes du Grand Condé et lui est-elle restée fidèle jusqu'à la fin du conflit ? La Fronde
38%
Comment appelle-t-on la spécialité culinaire de Périgueux composée de farce de porc, de foie gras et de truffe ? Le pâté de Périgueux
38%
Quelle célèbre statue française a été restaurée en 2016 dans la proche banlieue de Périgueux par l'entreprise SOCRA ? La statue de saint Michel Archange au Mont-Saint-Michel
35%
Comment appelait-on dans le Périgord les paysans révoltés, dirigés par M. de La Mothe de la Forest, gentilhomme des environs de Périgueux, contre la pression fiscale en 1637 ? Les Croquants
32%
Quelle est la ville-départ de la voie du pèlerinage de Saint-Jacques-de-Compostelle dont Périgueux est une ville-étape majeure depuis le Moyen-âge ? Vézelay
32%
Aucun quiz correspondant
Distribution des résultats
% des personnes avec chaque résultat
Percentile par nombre de réponses
Votre historique - résultats
Vous n’avez pas pris ce quiz